Poetas románticos franceses: Lamartine, Vigny, V. Hugo, Nerval, Musset, Gautier

Gespeichert in:
Bibliographische Detailangaben
1. Verfasser: Pujol, Carlos (VerfasserIn)
Format: Buch
Sprache:Spanisch
Veröffentlicht: Barcelona Planeta 1990
Ausgabe:1a. ed
Schriftenreihe:Clásicos Universales Planeta
Schlagworte:
Tags: Tag hinzufügen
Keine Tags, Fügen Sie den ersten Tag hinzu!

MARC

LEADER 00000nam a2200000 a 4500
001 UCU5785
003 CL-VaPUC
005 20250106122337.0
008 960614e19900000SP |||||||||||||||||spa|d
999 |c 345021  |d 345019 
020 |a 843206954X 
040 |c Pontificia Universidad Católica de Valparaíso 
082 0 4 |a 841.09  |b PUJ  |2 21 
100 0 |a Pujol, Carlos  |e author  |9 557383 
245 1 0 |a Poetas románticos franceses: Lamartine, Vigny, V. Hugo, Nerval, Musset, Gautier 
250 |a 1a. ed 
260 |a Barcelona  |b Planeta  |c 1990 
300 |a 242 p 
490 0 |a Clásicos Universales Planeta 
583 |a last modification  |c 19960614 00:00:00  |k Rodrigo Vera 
600 0 |a Lamartine, Alphonse de  |d 1790-1869  |9 557384 
600 0 7 |a VIGNY, ALFRED DE  |2 CL-VaPUC  |9 557385 
600 0 7 |a Hugo, Victor  |d 1802-1885  |9 858168 
600 0 7 |a Nerval, Gérard de,  |d 1808-1855  |9 326310 
600 0 |a Musset, Alfred de,  |d 1810-1857  |9 871558 
600 0 7 |a GAUTIER, THEOPHILE  |2 CL-VaPUC  |9 462385 
650 0 |a Poesía francesa  |9 264947 
650 0 |a Crítica e interpretación   |9 255042 
650 0 |a Crítica literaria   |9 269189 
650 0 |a Romanticismo en la literatura  |9 313777 
852 |a BIBCUR 
942 |c BK  |2 ddc 
945 |d 19960614 00:00:00  |a rbrito 
952 |0 0  |1 0  |4 0  |6 841_090000000000000_PUJ_1990  |7 0  |8 A  |9 443411  |a BIBART  |b BIBART  |d 2019-11-22  |i 3206661  |l 2  |o 841.09 PUJ 1990  |p 3206661  |r 2025-03-18  |s 2025-03-11  |w 2019-11-22  |y BK  |k ART